| 000 | 00489nam a22001937a 4500 | ||
|---|---|---|---|
| 003 | OSt | ||
| 005 | 20180116183101.0 | ||
| 008 | 170214b xxu||||| |||| 00| 0 eng d | ||
| 020 | _a9781439044933 | ||
| 040 | _c0 | ||
| 082 | _a332.1068 DON 2006 | ||
| 100 | _aS. Scott Mac Donald | ||
| 245 |
_aBank Management _cS. Scott Mac Donald |
||
| 250 | _a6th | ||
| 260 |
_aUK _bSouth- Western Cengage Learning _c2006 |
||
| 300 |
_a562 p. _bPB |
||
| 440 | _aBank Management | ||
| 942 |
_2ddc _cBK |
||
| 999 |
_c351957 _d351957 |
||